• 首页
  • 本馆介绍
  • 公告通知
  • 最新文献
  • 馆藏检索
  • 电子资源
  • 读者导购
  • 参考咨询
  • 我的图书馆
  • 登录
  • 详细信息显示
  • 放入我的书架
  • 预约/预借图书
  • 作者相关作品
  • 分类相关作品
  • 丛书相关作品
  • 出版社相关作品

书目信息

  • 表格格式
  • 工作单格式
  • 卡片格式
题名:
回春楼谈英语
    
 
作者: 王宗炎 著
分册:  
出版信息: 西安   陕西人民出版社  1983
页数: 186页
开本: 19cm
丛书名:
单 册:
中图分类: H31 , H311.4
科图分类:
主题词: 英语 , 英语
电子资源:
ISBN:
000 00661nam0 2200265 45
001 0183011090
005 20040509090829.2
010    @b精装@dCNY1.10
091    @a9094.38
100    @a19950622d1983 em y0chiy0121 ea
101 0  @achi
102    @aCN@b610000
105    @ay z 000yy
106    @ar
200 10 @a回春楼谈英语@Ahui chun lou tan ying yu@f王宗炎著
210    @a西安@c陕西人民出版社@d1983
215    @a186页@d19cm
606    @a英语
606 0  @a英语
690    @aH31@v3
690    @aH311.4
701  0 @a王宗炎@Awang zong yan@4著
801  0 @aCN@b上海图书馆@c20040509
801  2 @aCN@bNLC@c20040509
905    @f4@b124960-963@dH31@e114
    
    回春楼谈英语/王宗炎著.-西安:陕西人民出版社,1983
    186页;19cm
    
    
    ISBN (精装):CNY1.10
    
●
相关链接 在E读中查询图书 在五车中查询图书 在当当中查询图书 在豆瓣中查询图书


正题名:回春楼谈英语     索取号:H31/114         预约/预借

序号 登录号 条形码 馆藏地/架位号 状态 备注
1 0124960   000927652   密集书库/ [索取号:H31/114] 在馆    
2 0124961   000927778   密集书库/ [索取号:H31/114] 在馆    
3 0124962   000927698   密集书库/ [索取号:H31/114] 在馆    
4 0124963   000927812   第四借阅区/ [索取号:H31/114] 在馆    
5 0124964   000927732   第二样本阅览室/ [索取号:H31/114] 在馆    
唐山师范学院图书馆 欢迎您!
大连网信软件有限公司© 版权所有